Statistics for US State Picture Puzzle Game #2

Click here to take the quiz!

General Stats

  • This quiz has been taken 282 times
  • The average score is 13 of 17

Answer Stats

Hint Answer % Correct
Largest US state by areaAlaska
95%
A massacre and a tea party occurred hereBoston
92%
1941 bombing site in HawaiiPearl Harbor
89%
America's northern borderCanada
86%
Capital of state with abbreviation GAAtlanta
84%
Presidential monument by the Black HillsMount Rushmore
81%
Biggest importing partner of the USChina
81%
The First StateDelaware
80%
Second US PresidentJohn Adams
76%
HIDDEN STATEUTAH
76%
Twin city of MinnesotaMinneapolis
76%
Immigrants came to this island before enteringEllis Island
75%
Twin city of MinnesotaSaint Paul
73%
Southernmost US capital cityHonolulu
70%
Capital of the Confederate UnionRichmond
60%
Ocean sound that touches SeattlePuget Sound
60%
Most common branch of ChristianityProtestant
54%

Score Distribution

Percentile by Number Answered

Percent of People with Each Score

Your Score History

You have not taken this quiz